Vrcholové farbenie mriežkových grafov

Salvato in:
Dettagli Bibliografici
Autore principale: Herbrik, Noémi (Autore)
Altri autori: Nehéz, Martin (Relatore della tesi)
Natura: Manoscritto Libro
Lingua:slovacco
Pubblicazione: Bratislava : STU v Bratislave FEI, 2024
Soggetti:
Accesso online:https://opac.crzp.sk/?fn=detailBiblioFormChildKQ9MN&sid=9A7D98113A4E7D6F09AB7FA0EB46&seo=CRZP-detail-kniha
Tags: Aggiungi Tag
Nessun Tag, puoi essere il primo ad aggiungerne!!

MARC

LEADER 00000ntm a22000003a 4500
001 stuzp97818
003 SK-STU
005 20250430112339.8
007 ta
008 150427s2015----xo-----f-mn---000-0-slo-d
040 |a STU  |b slo 
041 0 |a slo 
044 |a xo 
100 1 |a Herbrik, Noémi  |u 035000  |4 aut  |U FEI Fakulta elektrotechniky a informatiky  |T FEI Ústav informatiky a matematiky  |X 104470  |U E050  |Y 816  |7 104470 
242 0 1 |a Vertex Colouring of Grid Graphs  |y eng 
245 1 0 |a Vrcholové farbenie mriežkových grafov 
260 |a Bratislava :  |b STU v Bratislave FEI,  |c 2024 
300 |a 84 s. 
650 4 |a farbenie grafov  |2 slo 
650 4 |a 3D mriežka  |2 slo 
650 4 |a NP-úplný problém  |2 slo 
650 4 |a NP-comlete problem  |2 eng 
650 4 |a graph coloring  |2 eng 
650 4 |a 3D grid  |2 eng 
700 1 |a Nehéz, Martin  |u 035000  |k Z1  |4 ths  |U FEI Fakulta elektrotechniky a informatiky  |T FEI Ústav informatiky a matematiky  |X 38260  |U E050  |Y 816  |7 A0000038260 
856 4 |u https://opac.crzp.sk/?fn=detailBiblioFormChildKQ9MN&sid=9A7D98113A4E7D6F09AB7FA0EB46&seo=CRZP-detail-kniha